| 000 | 00363nam a2200109Ia 4500 | ||
|---|---|---|---|
| 008 | 231129s9999||||xx |||||||||||||| ||spa|| | ||
| 082 | _a746.14 M715m | ||
| 100 | _aMojica Zambrano Adriana Maritza | ||
| 245 | 0 | _aManual de diseño para tejidos de seda | |
| 264 | _aTimbio Cauca Colombia : Centro de Desarrollo Tecnológico de Sericultura CDTS | ||
| 942 |
_2ddc _cBKS |
||
| 999 |
_c20350 _d20350 |
||